00278nam a2200121Ia 4500008004100000100001900041245002900060260002300089300000700112650001300119942000700132999001700139190216s9999||||xx |||||||||||||| ||und|| aParvathi Ammal 0aKuttikalku Kadamkathakal bC I C C Book House a85 aKathakal cBK c27753d27753